Nature's numbers: the unreal reality of mathematical imagination
Saved in:
| Main Author: | |
|---|---|
| Format: | Book |
| Language: | English |
| Published: |
Nueva York
BasicBooks
1995
|
| Series: | Science Masters
|
| Subjects: | |
| Tags: |
Add Tag
No Tags, Be the first to tag this record!
|
MARC
| LEADER | 00000nam a2200000 a 4500 | ||
|---|---|---|---|
| 001 | UCL6945 | ||
| 003 | CL-VaPUC | ||
| 008 | 040423e19950000US |||||||||||||||||eng|d | ||
| 020 | |a 0465072739 | ||
| 082 | 0 | 4 | |a 510 |b STE |2 21 |
| 100 | 0 | |a Stewart, Ian |e author |9 484604 | |
| 245 | 1 | 0 | |a Nature's numbers: the unreal reality of mathematical imagination |
| 300 | |a 164 p | ||
| 942 | |c BK | ||
| 945 | |d 20040423 00:00:00 |a cmena | ||
| 260 | |a Nueva York |b BasicBooks |c 1995 | ||
| 650 | 0 | |a Matemática |9 260235 | |
| 650 | 0 | |a Filosofía de las ciencias |9 256466 | |
| 583 | |a last modification |c 20040423 00:00:00 |k Rodrigo Vera | ||
| 490 | 0 | |a Science Masters | |
| 999 | |c 308821 |d 308819 | ||
| 952 | |0 0 |1 0 |4 0 |6 510_000000000000000_STE_1995 |7 0 |8 A |9 375700 |a BIBMAT |b BIBMAT |d 2019-11-21 |i 4007948 |o 510 STE 1995 |p 4007948 |r 2025-01-07 |w 2019-11-21 |y BK |k MAT | ||